RESEARCH METHODS IN CRIMINAL JUSTICE (Record no. 15805)

MARC details
000 -LEADER
fixed length control field 00306nam a22001457a 4500
003 - CONTROL NUMBER IDENTIFIER
control field SGT
020 ## - INTERNATIONAL STANDARD BOOK NUMBER
International Standard Book Number 9780205292967
082 ## - DEWEY DECIMAL CLASSIFICATION NUMBER
Item number HAG
100 ## - MAIN ENTRY--PERSONAL NAME
Personal name HAGAN, FRANK E.
245 ## - TITLE STATEMENT
Title RESEARCH METHODS IN CRIMINAL JUSTICE
250 ## - EDITION STATEMENT
Edition statement 5TH
260 ## - PUBLICATION, DISTRIBUTION, ETC. (IMPRINT)
Name of publisher, distributor, etc ALLYN & BACON
Year of Publication 2000
300 ## - PAGE DESCRIPTION
No. of Pages 528
942 ## - ADDED ENTRY ELEMENTS (KOHA)
Source of classification or shelving scheme Dewey Decimal Classification
Koha item type Books
Holdings
Withdrawn status Lost status Source of classification or shelving scheme Damaged status Not for loan Home library Current library Shelving location Date acquired Vendor Name Cost, normal purchase price SGTU Bill Number Full call number Accession No. (Barcode) Date last seen Bill Date Koha item type
    Dewey Decimal Classification   Not For Loan SGT Science & Social Sciences Library SGT Science & Social Sciences Library Reference Book 16/08/2018 AHUJA BOOKS COMPANY 0.00 SGTU 10014 HAG PS4554 16/08/2018   Books